000 00605nam a2200229Ia 4500
003 OSt
005 20221006163822.0
006 a|||||r|||| 00| 0
007 ta
008 221006b |||||||| |||| 00| 0 eng d
024 _a1,240
037 _cTextual
040 _aFML
_cFML
_beng
041 _2eng
_aeng
082 _aNS44, M4
100 _aKhokar Mohan Au.
_9576290
245 0 _aTraditions of Indian Classical Dance
260 _aNew Delhi
_bClarion Book
_c1984
300 _aVarios Page
_ccm.
942 _hNS44, M4
_cTEXL
_2CC
999 _c1115386
_d1115386